Southville International School and Colleges
Your cart is empty.
  • Cart
  • Lists
    Public lists Eva Luna New books Lux_list list_1
    Your lists Log in to create your own lists
  • Log in to your account
  • Your cookies
  • Search history
Southville International School and Colleges
  • Advanced search
  • Recent comments
  • Most popular
  • Libraries

Log in to your account

Log in with GOOGLE


If you do not have an external account, but do have a local account, you can still log in:

  1. Home
  2. MARC view: Introduction to operations research /
Normal view MARC view ISBD view

Introduction to operations research / (Record no. 39693)

[ view plain ]
MARC details
000 -LEADER
fixed length control field 00575nam a2200205 a 4500
005 - DATE AND TIME OF LATEST TRANSACTION
control field 20140311163037.0
008 - FIXED-LENGTH DATA ELEMENTS--GENERAL INFORMATION
fixed length control field 110802s19uu xx 00 eng d
020 ## - INTERNATIONAL STANDARD BOOK NUMBER
International Standard Book Number 9780071267670
050 ## - LIBRARY OF CONGRESS CALL NUMBER
Classification number T 57.6
Item number .H53 2010
100 ## - MAIN ENTRY--PERSONAL NAME
Personal name Hillier, Frederick S.
245 ## - TITLE STATEMENT
Title Introduction to operations research /
Statement of responsibility, etc Frederick S. Hillier.
250 ## - EDITION STATEMENT
Edition statement 9th ed.
260 ## - PUBLICATION, DISTRIBUTION, ETC. (IMPRINT)
Place of publication, distribution, etc New York :
Name of publisher, distributor, etc McGraw-Hill,
Date of publication, distribution, etc 2010.
300 ## - PHYSICAL DESCRIPTION
Extent 1047 p. :
Other physical details ill. ;
Dimensions 26 cm.
521 ## - TARGET AUDIENCE NOTE
Target audience note
650 ## - SUBJECT ADDED ENTRY--TOPICAL TERM
Topical term or geographic name as entry element Operations research.
700 ## - ADDED ENTRY--PERSONAL NAME
Personal name Gerald J. Lieberman
942 ## - ADDED ENTRY ELEMENTS (KOHA)
Koha item type Books
Source of classification or shelving scheme Library of Congress Classification
Call number prefix Foreign
Holdings
Withdrawn status Lost status Source of classification or shelving scheme Damaged status Home library Current library Shelving location Date acquired Source of acquisition Total Checkouts Full call number Barcode Date last seen Copy number Price effective from Koha item type
    Library of Congress Classification   College Library College Library General Circulation Section 08/02/2011 Donation   T 57.6 .H53 2010 C12560 05/15/2018 1 02/19/2014 Books

Introduction to operations research /

APA

Hillier F. S., Gerald J. Lieberman, . (2010). Introduction to operations research. New York: McGraw-Hill.

Chicago

Hillier Frederick S, Gerald J. Lieberman, . 2010. Introduction to operations research. New York: McGraw-Hill.

Harvard

Hillier F. S., Gerald J. Lieberman, . (2010). Introduction to operations research. New York: McGraw-Hill.

MLA

Hillier Frederick S, Gerald J. Lieberman, . Introduction to operations research. New York: McGraw-Hill. 2010.

  • Place hold
  • Print
  • Cite
  • Add to your cart (remove)
  • Save record
    BIBTEX Dublin Core MARCXML MARC (non-Unicode/MARC-8) MARC (Unicode/UTF-8) MARC (Unicode/UTF-8, Standard) MODS (XML) RIS
  • More searches
    Search for this title in:
    Other Libraries (WorldCat) Other Databases (Google Scholar) Online Stores (Bookfinder.com) Open Library (openlibrary.org)

Exporting to Dublin Core...

SOUTHVILLE LIBRARY

Southville International School and Colleges Library

1281 Tropical Ave. Cor. Luxembourg St., BF Homes International, Las Pinas City

Tel. No. 8256374 / 252358 Loc. 117/146

Powered by Koha